Os 100 filmes com mais fãs - Statistics

Estatísticas Gerais
  • Esse quiz foi jogado 485 vezes
  • A pontuação média é 20 de 100
Estatísticas das Respostas
# Ano Diretor Filme % Correto
14 1972 Francis Ford Coppola O Poderoso Chefão
65%
93 1997 James Cameron Titanic
62%
1 2014 Christopher Nolan Interestelar
59%
44 2022 Matt Reeves Batman
57%
6 2019 Bong Joon-ho Parasita
55%
95 1977 George Lucas Star Wars
55%
4 1999 David Fincher Clube da Luta
54%
10 1994 Quentin Tarantino Pulp Fiction
53%
61 2023 Greta Gerwig Barbie
51%
52 2003 Quentin Tarantino Kill Bill
45%
19 2010 Christopher Nolan A Origem
42%
9 2008 Christopher Nolan Batman: O Cavaleiro das Trevas
41%
32 2009 Quentin Tarantino Bastardos Inglórios
37%
99 1974 Francis Ford Coppola O Poderoso Chefão 2
37%
65 2012 Quentin Tarantino Django Livre
35%
2 2016 Damien Chazelle La La Land
35%
38 1980 Stanley Kubrick O Iluminado
34%
49 1995 David Fincher Se7en
34%
87 2002 Fernando Meirelles Cidade de Deus
32%
72 1999 Lilly WachowskiLana Wachowski Matrix
30%
41 1976 Martin Scorsese Taxi Driver
30%
13 2001 Hayao Miyazaki A Viagem de Chihiro
29%
62 1993 Steven Spielberg Jurassic Park
28%
37 1968 Stanley Kubrick 2001: Uma Odisseia no Espaço
27%
96 2013 Martin Scorsese O Lobo de Wall Street
27%
46 1994 Robert Zemeckis Forrest Gump
26%
28 2017 Greta Gerwig Lady Bird
26%
78 1971 Stanley Kubrick Laranja Mecânica
26%
11 2019 Greta Gerwig Adoráveis Mulheres
25%
26 1990 Martin Scorsese Os Bons Companheiros
24%
16 2014 Wes Anderson O Grande Hotel Budapeste
23%
83 2010 Martin Scorsese Ilha do Medo
22%
20 1996 Wes Craven Pânico
22%
5 2014 Damien Chazelle Whiplash
22%
58 2013 Spike Jonze Her
21%
76 1979 Ridley Scott Alien
20%
56 2014 David Fincher Garota Exemplar
20%
45 1982 Ridley Scott Blade Runner
19%
48 2001 Peter Jackson O Senhor dos Anéis: A Sociedade do Anel
19%
30 1985 Robert Zemeckis De Volta para o Futuro
18%
29 2017 Luca Guadagnino Me Chame pelo Seu Nome
18%
39 2003 Peter Jackson O Senhor dos Anéis: O Retorno do Rei
18%
71 2018 Ari Aster Hereditário
17%
89 2015 George Miller Mad Max: Estrada da Fúria
17%
3 2022 Daniel ScheinertDaniel Kwan Tudo em Todo o Lugar ao Mesmo Tempo
17%
15 1994 Frank Darabont Um Sonho de Liberdade
17%
53 2019 Ari Aster Midsommar
16%
27 2010 Darren Aronofsky Cisne Negro
15%
92 2003 Sofia Coppola Encontros e Desencontros
15%
21 2004 Hayao Miyazaki O Castelo Animado
15%
55 2016 Denis Villeneuve A Chegada
14%
70 2010 David Fincher A Rede Social
14%
84 2016 Barry Jenkins Moonlight
14%
98 1979 Francis Ford Coppola Apocalypse Now
13%
7 2004 Michel Gondry Brilho Eterno de uma Mente sem Lembranças
12%
17 2009 Wes Anderson O Fantástico Sr. Raposo
12%
77 2003 Park Chan-wook Oldboy
12%
90 2007 Joel CoenEthan Coen Onde os Fracos Não Têm Vez
12%
67 1991 Jonathan Demme O Silêncio dos Inocentes
12%
69 2005 George Lucas Star Wars: A Vingança dos Sith
12%
60 2001 David Lynch Mulholland Drive
11%
94 2013 Denis Villeneuve Os Suspeitos
11%
33 1980 Irvin Kershner Star Wars: O Império Contra-Ataca
11%
51 2022 Charlotte Wells Aftersun
10%
50 2001 Jean-Pierre Jeunet Amélie
10%
47 1997 Gus Van Sant Gênio Indomável
10%
59 2000 Mary Harron Psicopata Americano
10%
40 2017 Denis Villeneuve Blade Runner 2049
9%
8 2018 Rodney RothmanPeter Ramsey Bob Persichetti Homem-Aranha: No Aranhaverso
9%
42 1998 Peter Weir O Show de Truman
9%
73 1997 Hayao Miyazaki Princesa Mononoke
9%
75 2007 Paul Thomas Anderson Sangue Negro
9%
12 1989 Peter Weir Sociedade dos Poetas Mortos
9%
81 1957 Sidney Lumet 12 Homens e uma Sentença
8%
97 1995 Wong Kar-wai Anjos Caídos
8%
35 2001 Richard Kelly Donnie Darko
8%
54 1982 John Carpenter O Enigma de Outro Mundo
8%
100 2016 Makoto Shinkai Your Name
8%
24 1999 Gil Junger 10 Coisas que Eu Odeio em Você
7%
68 2016 Park Chan-wook A Criada
7%
63 2000 Wong Kar-wai Amor à Flor da Pele
7%
36 1995 Richard Linklater Antes do Amanhecer
7%
23 2009 Henry Selick Coraline
7%
91 2017 Edgar Wright Em Ritmo de Fuga
7%
18 2005 Joe Wright Orgulho e Preconceito
7%
31 2019 Céline Sciamma Retrato de Uma Jovem em Chamas
7%
25 2010 Edgar Wright Scott Pilgrim Contra o Mundo
7%
82 1994 Wong Kar-wai Amores Expressos
6%
22 2012 Stephen Chbosky As Vantagens de Ser Invisível
6%
34 2023 Joaquim dos Santos Justin K. Thompson Kemp Powers Homem-Aranha: Através do Aranhaverso
6%
43 2006 Jonathan DaytonValerie Faris Pequena Miss Sunshine
6%
85 2011 Nicolas Winding Refn Drive
5%
64 2019 Rian Johnson Entre Facas e Segredos
5%
66 2008 Phyllida Lloyd Mamma Mia!
5%
88 1998 Joel Coen O Grande Lebowski
5%
74 1997 Satoshi Kon Perfect Blue
4%
86 2007 Brad Bird Ratatouille
4%
57 1995 Mathieu Kassovitz La Haine
3%
79 2013 Richard Curtis Questão de Tempo
3%
80 1996 Danny Boyle Trainspotting
3%
Nenhum quiz correspondente encontrado
Distribuição das Pontuações
Porcentagem de Pessoas com Cada Pontuação
Percentil de Números Respondidos
Sua Pontuação Histórica
Você não jogou esse quiz